| 000 | 00355 a2200109 4500 | ||
|---|---|---|---|
| 001 | ART_43596 | ||
| 005 | 20260410162024.0 | ||
| 008 | 260409a | ||
| 245 | 1 | 0 | _aDo workers accept lower wages in exchange for health benefits? |
| 100 | 1 | _aOlson, Craig A. | |
| 773 | 0 |
_tJournal of labor economics _g- Vol. 20, NÂș 2/2 (abr. 2002) _wREV43438 |
|
| 999 |
_c33416 _d33416 |
||